| 000 | 01149nam0a22002531 4500 | ||
|---|---|---|---|
| 001 | rc\849013 | ||
| 005 | 20260407052455.0 | ||
| 035 | _a(NLR Aleph) 006029760 | ||
| 090 |
_a7515876 _c7515876 |
||
| 100 | _a20041129d1983 |||y0rusy50 ca | ||
| 101 | 0 | _arus | |
| 102 | _aRU | ||
| 105 | _ay ||||||||| | ||
| 200 | 1 |
_aДокументы Организации солидарности народов Азии и Африки _eIII заседание Президиума (19-20 янв. 1976 г., Аден), IV заседание Президиума (27-30 июля 1976 г., Браззавиль) |
|
| 210 |
_aМ. _cНаука _d1983 |
||
| 215 |
_a112 с. _d21 |
||
| 300 | _aВ надзаг.: Сов. ком. солидарности стран Азии и Африки, Ин-т Африки АН СССР, Ин-т востоковедения АН СССР | ||
| 333 | _aДСП. Экз. № 00004 | ||
| 710 | 0 | 2 |
_aОрганизация солидарности народов Азии и Африки _3RU\NLR\AUTH\8810022070 _9542141 |
| 801 | 0 |
_aRU _bNLR _gpsbo |
|
| 801 | 1 |
_aRU _bELAR _2rusmarc |
|
| 852 |
_aNLR _j84-50К/3658 |
||
| 942 | _cBOOK | ||
| 980 | _aNB | ||